000 00359nam a2200157Ia 4500
005 20250423100201.0
008 250422s9999 xx 000 0 und d
020 _a9757456675
100 _aNursi, Said Beduzzaman
245 0 _aMessage for the sick
260 _aAnkara
260 _bIhlas Nur Nesriyat
260 _c2001
300 _a64 p
942 _cBK
999 _c32530
_d32530